000 00925nmm a2200277 a 4500
001 ocm000604962
003 TR-IsHL
005 20201028134043.0
008 131121s2003 tu tur
007 cr cn
020 _a9789758523160
035 _a604962
_b(N$T)
050 0 4 _aPQ2325
_b.R32 2003
090 0 4 _aPQ2325
_b.R32 2003
100 1 _ade Lamartine, Alphonse
245 1 0 _aRaphael ( Rafael ): yirmi yaş sayfaları
_h[electronic resource] /
_cAlphonse de Lamartine ; çev. Hüsamettin Aydın
260 _aİstanbul :
_bArmoni Yayınları,
_c2003
300 _a200 p.
650 4 _aDil ve Edebiyat
650 4 _aLanguage and Literature
650 0 _aFransız romanı
650 0 _aFrench fiction
650 7 _aLITERARY COLLECTIONS / European / French
_2bisacsh
700 1 _aAydın, Hüsamettin
856 4 0 _uhttp://search.ebscohost.com/login.aspx?direct=true&scope=site&db=e011xww&AN=604962
999 _c5979
_d5979